Detalles MARC
| 000 -LIDER |
| fixed length control field |
01533nam a22003017a 4500 |
| 003 - IDENTIFICACDOR DE NÚMERO DE CONTROL |
| control field |
DO-SdBNP |
| 005 - DATE AND TIME OF LATEST TRANSACTION |
| control field |
20180313144654.0 |
| 008 - ELEMENTOS DE LONGITUD FIJA |
| fixed length control field |
160509b 2000 dr 00| 0 spa d |
| 040 ## - FUENTE DE CATALOGACIÓN |
| Agencia que crea de manera original el registro |
BPMSU |
| Idioma de catalogación |
spa |
| Agencia que realiza la transcripción |
BPMSU |
| 082 #4 - NÚMERO DE CLASIFICACIÓN DECIMAL DE DEWEY |
| Classification number |
372.5 |
| Item number |
L816e, 1er. [200-] |
| 100 1# - ASIENTO PRINCIPAL -- NOMBRE PERSONAL |
| Nombre personal |
Lockhart, María Soledad |
| 245 10 - MENCIÓN DE TITULO |
| Título |
Educación artística 1 / |
| Mención de responsabilidad |
María Soledad Lockhart ; edición José Molinaza ; ilustraciones Luis E. Reyes Guzmán |
| 260 ## - PUBLICACIÓN, DISTRIBUCIÓN, ETC. (PIE DE IMPRENTA) |
| Lugar de publicación, distribución, etc |
Santo Domingo : |
| Nombre del editor, distribuidor, etc. |
Secretaría de Estado de Educación ; |
| Fecha de publicación, distribución, etc |
2000. |
| Fecha de impresión |
(reimpresión, 2016) |
| 300 ## - DESCRIPCIÓN FÍSICA |
| Extensión |
152 p. : |
| Otros detalles físicos |
ils. ; |
| Dimensiones |
27 cm. |
| 500 ## - NOTA GENERAL |
| Nota general |
La biblioteca posee la reimpresión del 2013 |
| 505 ## - NOTA DE CONTENIDO |
| Título |
Juega conmigo -- |
| -- |
Soy único. Soy única -- |
| -- |
Angelita y Popi visitan a Tata, la vaca -- |
| -- |
El escondido -- |
| -- |
El espejo -- |
| -- |
La forma escondida. ¿Qué será? -- |
| -- |
La gallinita ciega -- |
| -- |
La navidad -- |
| -- |
Angelita y Popi viajan en el espacio -- |
| -- |
Roba la gallina .... -- |
| -- |
"Observa "-- |
| -- |
El juego de las especies protegidas -- |
| -- |
El tesoro escondido -- |
| -- |
Los títeres hacen T. V.. |
| 650 #4 - ENCABEZAMIENTO DE MATERIA--TEMÁTICO |
| Término temático o nombre geográfico como elemento de entrada |
ARTE |
| Subdivisión temática general |
ENSEÑANZA BÁSICA |
| 650 #4 - ENCABEZAMIENTO DE MATERIA--TEMÁTICO |
| Término temático o nombre geográfico como elemento de entrada |
ARTE |
| Subdivisión temática general |
ENSEÑANZA |
| -- |
ESTUDIOS Y EJERCICIOS |
| 650 #4 - ENCABEZAMIENTO DE MATERIA--TEMÁTICO |
| Término temático o nombre geográfico como elemento de entrada |
ARTE |
| Subdivisión temática general |
ENSEÑANZA |
| -- |
LIBROS DE TEXTOS |
| 650 #4 - ENCABEZAMIENTO DE MATERIA--TEMÁTICO |
| Término temático o nombre geográfico como elemento de entrada |
ARTE |
| Subdivisión temática general |
ENSEÑANZA |
| -- |
EDUCACIÓN PRIMARIA |
| 650 #4 - ENCABEZAMIENTO DE MATERIA--TEMÁTICO |
| Término temático o nombre geográfico como elemento de entrada |
EDUCACIÓN PRIMARIA |
| Subdivisión geográfica |
REPÚBLICA DOMINICANA |
| 700 12 - ASIENTO SECUNDARIO -- NOMBRE PERSONAL |
| Nombre personal |
Reyes Guzmán, Luis E., |
| Mención de responsabilidad |
il. |
| 700 12 - ASIENTO SECUNDARIO -- NOMBRE PERSONAL |
| Nombre personal |
Molinaza, José, |
| Mención de responsabilidad |
ed. |
| 910 ## - VALIDACIÓN |
| Validación |
Validado. Control de calidad MFF |
| 942 ## - ADDED ENTRY ELEMENTS (KOHA) |
| Source of classification or shelving scheme |
Dewey Decimal Classification |
| Koha item type |
Libros |
| 945 ## - INFORMACIÓN DE PROCESAMIENTO LOCAL |
| Información de procesamiento local |
inventariado, 2018 / DG Remanejada para la BNPHU 2018 / BT |
| 956 ## - LOCAL ELECTRONIC LOCATION AND ACCESS (OCLC) |
| Nombre de host |
BTAVÁREZ |
| Número de acceso |
10 |
| Información de compresión |
20160509 |
| Trayectoria |
BPMSU |
| Nombre Electrónico |
0038 |